| 000 | 01276nam a2200277Ia 4500 | ||
|---|---|---|---|
| 003 | Ost | ||
| 005 | 20260507075654.0 | ||
| 008 | 260507s9999||||xx |||||||||||||| ||und|| | ||
| 020 | _a9957320297 | ||
| 040 | _cfsecg | ||
| 041 | _aara | ||
| 082 | _a332.41 | ||
| 100 |
_aالسيد على، عبد المنعم _eمؤلف |
||
| 245 | 0 |
_aالنقود والمصارف والأسواق المالية / _c عبد المنعم السيد على |
|
| 246 | _aMoney,Banking and Financial Markets | ||
| 260 |
_aعمان: _bدار الحامد, _c2004 |
||
| 300 |
_a464 صفحة؛ _bإيضاحات ؛ _c24 سم |
||
| 504 | _aالمراجع ص.463 | ||
| 520 | _aمقدمة في النقود والمصارف والأسواق المالية، الجهاز المصرفي والمالي والسياسة النقدية،النظرية النقدية، السياسة النقدية في البلدان النامية، السياسات المالية والنقدية من النظرية الى التطبيق | ||
| 653 | _aالأسواق المالية- الإدارة | ||
| 653 | _aالبنوك | ||
| 653 | _aالنقود | ||
| 653 | _aبنوك وأعمال مصرفية | ||
| 700 |
_aالعيسى، نزار سعد الدين _eمؤلف ثانوي |
||
| 942 | _cكتاب | ||
| 999 |
_c45663 _d45663 |
||